Statistics for Kygo Charting Songs (Billboard Hot 100)

Click here to take the quiz!

General Stats

  • This quiz has been taken 22 times
    (18 since last reset)
  • The average score is 6 of 7

Answer Stats

AlbumWeeks OnPeakArtist(s)Song% Correct
Golden Hour9 Weeks#63Kygo x Whitney HoustonHigher Love
100%
Stargazing EP29 Weeks#10Kygo x Selena GomezIt Ain't Me
100%
Cloud Nine1 Week#92Kygo ft. Conrad SewellFirestone
92%
Stargazing EP1 Week#67Kygo & Ellie GouldingFirst Time
83%
Origins (Deluxe Edition)2 Weeks#74Kygo & Imagine DragonsBorn To Be Yours
67%
Kids in Love11 Weeks#63Kygo ft. MiguelRemind Me to Forget
67%
Golden Hour1 Week#88Kygo & OneRepublicLose Somebody
58%

Score Distribution

Percentile by Number Answered

Percent of People with Each Score

Your Score History

You have not taken this quiz since the last reset